Państwa, które mają mniej ludności od Polski (Geomex) - Statystyki

Ogólne statystyki
  • Ten quiz został rozwiązany 19 razy
  • Średni wynik to 6 z 11
Statystyki odpowiedzi
Kontynent Ludnosć Państwo % Poprawnych
Ameryka Południowa 32,3 Peru
77%
Afryka 36,8ml Maroko
69%
Azja 31,2 Jemen
62%
Afryka 33,3 Ghana
54%
Azja 30,7 Nepal
54%
Afryka 29.8 Kamerun
46%
Azja 34,1 Malezja
46%
Azja 31,2 Uzbekistan
46%
Afryka 34,9 Angola
38%
Azja 36 Arabia Saudyjska
38%
Afryka 32 Mozambik
23%
Nie znaleziono quizów pasujących do podanych kryteriów
Rozkład punktacji
Procent ludzi z każdym wynikiem
Percentyl według liczby udzielonych odpowiedzi
Twoja historia wyników
Nie rozwiązałeś tego quizu